000855484 001__ 855484 000855484 005__ 20250930084023.0 000855484 0247_ $$2ISSN$$a2212-8271 000855484 0247_ $$2ISBN$$a9781713857464 000855484 037__ $$aRWTH-2022-10259 000855484 041__ $$aEnglish 000855484 082__ $$a670 000855484 1001_ $$aKrieger, Judith$$b0 000855484 1112_ $$a5. CIRP Conference on BioManufacturing$$cMaierato$$d2022-06-22 - 2022-06-24$$gCirpBioM 2022$$wItaly 000855484 245__ $$aImplementation of an Automated Manufacturing Platform for Engineering of Functional Osteochondral Implants$$hprint 000855484 260__ $$aRed Hook, NY$$bCurran$$c2022 000855484 3367_ $$00$$2EndNote$$aJournal Article 000855484 3367_ $$0PUB:(DE-HGF)16$$2PUB:(DE-HGF)$$aJournal Article$$bjournal$$mjournal 000855484 3367_ $$0PUB:(DE-HGF)8$$2PUB:(DE-HGF)$$aContribution to a conference proceedings 000855484 3367_ $$2BibTeX$$aARTICLE 000855484 3367_ $$2DRIVER$$aarticle 000855484 3367_ $$2DataCite$$aOutput Types/Journal article 000855484 3367_ $$2ORCID$$aJOURNAL_ARTICLE 000855484 3367_ $$0PUB:(DE-HGF)7$$2PUB:(DE-HGF)$$aContribution to a book 000855484 591__ $$aBelgium 000855484 591__ $$aFrance 000855484 591__ $$aGermany 000855484 591__ $$aNetherlands 000855484 591__ $$aUK 000855484 7001_ $$aNießing, Bastian$$b1 000855484 7001_ $$0P:(DE-82)IDM04854$$aKönig, Niels$$b2 000855484 7001_ $$aMota, Carlos$$b3 000855484 7001_ $$aLa Pointe, Vanessa$$b4 000855484 7001_ $$aVan Rijt, Sabine$$b5 000855484 7001_ $$aKondro, Douglas$$b6 000855484 7001_ $$aHiatt, Michael$$b7 000855484 7001_ $$aViellerobe, Bertrand$$b8 000855484 7001_ $$aBrisson, Bruno$$b9 000855484 7001_ $$aMarechal, Marina$$b10 000855484 7001_ $$aGeris, Liesbet$$b11 000855484 7001_ $$aLuyten, Frank P.$$b12 000855484 7001_ $$aPapantoniou, Ioannis$$b13 000855484 7001_ $$0P:(DE-82)IDM00865$$aSchmitt, Robert H.$$b14$$urwth 000855484 770__ $$aV CIRP Conference on BioManufacturing / edited by Elisabetta Ceretti, Luigino Filice$$z9781713857464 000855484 773__ $$0PERI:(DE-600)2674706-6$$p32-35$$tProcedia CIRP$$v110$$x2212-8271$$y2022 000855484 7870_ $$0RWTH-2022-07056$$iRelatedTo 000855484 909CO $$ooai:publications.rwth-aachen.de:855484$$pVDB 000855484 9101_ $$0I:(DE-588b)36225-6$$6P:(DE-82)IDM00865$$aRWTH Aachen$$b14$$kRWTH 000855484 9141_ $$y2022 000855484 9151_ $$0StatID:(DE-HGF)0031$$2StatID$$aPeer reviewed article$$x0 000855484 915__ $$0StatID:(DE-HGF)0200$$2StatID$$aDBCoverage$$bSCOPUS$$d2020-08-27 000855484 915__ $$0StatID:(DE-HGF)0300$$2StatID$$aDBCoverage$$bMedline$$d2020-08-27 000855484 9201_ $$0I:(DE-82)417510_20140620$$k417510$$lLehrstuhl für Fertigungsmesstechnik und Qualitätsmanagement$$x0 000855484 9201_ $$0I:(DE-82)053200_20140620$$k053200$$lFraunhofer-Institut für Produktionstechnologie - IPT$$x1 000855484 9201_ $$0I:(DE-82)417200_20140620$$k417200$$lWerkzeugmaschinenlabor WZL der RWTH Aachen$$x2 000855484 961__ $$c2022-11-10T12:21:17.463710$$x2022-11-10T12:21:17.463710$$z2022-11-10T12:21:17.463710 000855484 980__ $$aI:(DE-82)053200_20140620 000855484 980__ $$aI:(DE-82)417200_20140620 000855484 980__ $$aI:(DE-82)417510_20140620 000855484 980__ $$aUNRESTRICTED 000855484 980__ $$aVDB 000855484 980__ $$acontrib 000855484 980__ $$ajournal 000855484 980__ $$acontb